00458cam a2200169ua 45000010005000000080039000050200022000440400009000660820012000751000016000872450066001032500010001692600045001793000027002246530015002516530022002661280110629n ii |||gr||||Z||||||eng a978-81-272-4695-2 cMAIN a330.954 aDhar, P K.,1 aIndian economics : bits growing dimensions. / cBy P K Dhar. a16th. aNew Delhi.:bKalyani publishers.,c2008. axxiv, 1030 p.:c25 cm. aEconomics. aIndian economics.